Регионална библиотека "Любен Каравелов" - Русе

Улицата с гълъбите (Запис номер 123359)

MARC детайли
000 -Лидер
Контролно поле с фиксирана дължина 01198nam a2200301 c 4500
003 - Код на организацията, давaща контролен номер
Контролно поле BLK
005 - Дата и час на последна редакция
Контролно поле 20220616155613.0
008 - Елементи от данни с фиксирана дължина
fixed length control field 180409b bul|||||r ||||||| ||bul||
010 ## - Наследен системен номер
LC control number KNG00129018000
040 ## - Източник на каталожния запис
Идентификатор на билиотеката - собственик на записа BLK
041 ## - Код за език
Код за езика на текст/звукозапис или на отделно заглавие Български
Код за езика КДБФ Български
080 ## - УДК
Текстов определител УДК Българска литература
УДК код - определител по УДК 821.163.2
УДК определител -32
УДК - код + определител 821.163.2-32
100 1# - Редна дума - Автор
Автор Бабаков, Светомир Витков
Авторска отговорност първи автор
R(LIN) 318109
139 ## - Редно поле
Редна дума Бабаков, Светомир Витков
Авторски знак Ба - Б 12
245 10 - Сведения за заглавието
Заглавие Улицата с гълъбите
Подзаглавни данни Повест
Редно поле (дума) Светомир Витков Бабаков; предг. от Максим Исаков Наимович.
250 ## - Област на изданието
Сведения за изданието 2. изд.
257 ## - Страна на издаване
Страна на създаване/издаване България
260 ## - Област на издателските данни
Име на издателя, разпространителя и проч. Христо Г. Данов
Година на издаване 1968
Място на издаване, разпространение и проч. Пловдив
300 ## - Физическа характеристика
Страници 203 с.
Размери/Мащаб 22 см
Илюстрации и др. 1 л. портр.
380 ## - Жанр
Жанр Худож. лит.
500 ## - Общи забележки
Забележка 1. изд. 1962. - 10 050 тир.
700 1# - Други автори (авторска отговорност)
Лично име Наимович, Максим Исаков
Автороска отговорност (Описва отношението между автора и произведението) предг. от
9 (RLIN) 278152
852 ## - Местоположение
Форматна сигнатура Цб 47078
Фондова буква Хранилище
856 4# - Електронен адрес и достъп
Електронен формат pdf - файл
856 4# - Електронен адрес и достъп
Електронен формат pdf - файл
999 ## - СИСТЕМНИ КОНТРОЛНИ НОМЕРА
Koha biblionumber 123359
Koha biblioitemnumber 123359
942 ## - АРТИКУЛИ
Вид на библиотечния материал Книги
Скрит в OPAC Не
Периодичен библиозапис Да
944 ## - СЪЗДАВАНЕ И РЕДАКЦИЯ на ЗАПИСА
Създаване/Редакция Създаване
Дата на регистрацията/редакция 17.03.2012
Статус, дата на статуса 17.03.2012 - от С1,Р / 17.03.2012
Служител, извършил регистрацията/редакцията Диана_Димитрова
944 ## - СЪЗДАВАНЕ И РЕДАКЦИЯ на ЗАПИСА
Създаване/Редакция Редакция
Дата на регистрацията/редакция 17.03.2012
Статус, дата на статуса 17.03.2012 - от С1,Р / 17.03.2012
944 ## - СЪЗДАВАНЕ И РЕДАКЦИЯ на ЗАПИСА
Създаване/Редакция Редакция
Дата на регистрацията/редакция 2022-06-16
999 ## - СИСТЕМНИ КОНТРОЛНИ НОМЕРА
Koha biblioitemnumber 123359
Наличности
Код за отписване Код за изгубен артикул Източник на класификационната схема Код за повреда Коз за рестрикции Код за отдаване Артикулен № Име на библиотеката - собственик Име на библиотеката, в която се намира в момента Статус (Текущо местоположение) Дата на вписване в системата Местоположение - отдел Цена в лева Инвентарен номер Систематично азбучна сигнатура Баркод Номер на екземпляра Цена в евро Служебна бележка Служебен тип на артикула
  Не е изгубен Universal Decimal Classification Не е повреден без рестрикции ползва се в читалня 199694 Регионална библиотека "Любен Каравелов" Русе Регионална библиотека "Любен Каравелов" Русе Хранилище 1968-01-01 Хранилище 1.08 13451/68 Цб 47078 900000102359 1 0.55 Дост: Dp Вид: Д N: стар фонд Дата: 01.01.1968 Книги
Изтеглен Не е изгубен Universal Decimal Classification Не е повреден без рестрикции заемане за дома 199695 Регионална библиотека "Любен Каравелов" Русе Регионална библиотека "Любен Каравелов" Русе Заемна - подръчен фонд 1968-01-01 Заемна - подръчен фонд 0.00 13682/68 П 886.7-32/Б 12 13682/68 2 0.00 Дост: Pk Вид: ф N: стар фонд Дата: 01.01.1968 Книги
Vip Innovations Ltd, Rousse, Bulgaria 2025